U-Bahn München - Multiple Choice - Statistiken

Allgemein
  • Dieses Quiz wurde 39 mal gespielt
  • Das Durchschnittsergebnis liegt bei 392 aus 768
Antwortstatistiken
Frage Kachel Select % Korrekt
Münchner Freiheit Nein
95%
Münchner Freiheit Nein
95%
Münchner Freiheit Nein
95%
Westfriedhof Nein
92%
Westfriedhof Nein
92%
Münchner Freiheit Nein
92%
Münchner Freiheit Nein
92%
Münchner Freiheit Nein
92%
Westfriedhof Nein
89%
Westfriedhof Nein
89%
Münchner Freiheit Ja
89%
Lehel Nein
89%
Lehel Nein
89%
Lehel Nein
89%
Lehel Nein
89%
Westfriedhof Nein
87%
Westfriedhof Nein
87%
Münchner Freiheit Ja
87%
Lehel Nein
84%
Lehel Nein
84%
Scheidplatz Nein
82%
Lehel Ja
79%
Scheidplatz Nein
79%
Scheidplatz Nein
79%
Dülferstraße Nein
79%
Fröttmaning Nein
79%
Fröttmaning Nein
79%
Fröttmaning Nein
79%
Fröttmaning Nein
79%
Fröttmaning Nein
79%
Implerstraße Nein
79%
Lehel Ja
76%
Dülferstraße Nein
76%
Fröttmaning Nein
76%
Fröttmaning Nein
76%
Ostbahnhof Nein
76%
Implerstraße Nein
76%
Implerstraße Nein
76%
Implerstraße Nein
76%
Olympiazentrum Nein
76%
Olympiazentrum Nein
76%
Olympiazentrum Nein
76%
Max-Weber-Platz Nein
76%
Scheidplatz Nein
74%
Scheidplatz Nein
74%
Dülferstraße Nein
74%
Dülferstraße Nein
74%
Dülferstraße Nein
74%
Dülferstraße Nein
74%
Dülferstraße Nein
74%
Fröttmaning Ja
74%
Ostbahnhof Nein
74%
Implerstraße Nein
74%
Olympiazentrum Nein
74%
Max-Weber-Platz Nein
74%
Max-Weber-Platz Nein
74%
Westfriedhof Ja
71%
Ostbahnhof Nein
71%
Ostbahnhof Nein
71%
Ostbahnhof Nein
71%
Max-Weber-Platz Nein
71%
Max-Weber-Platz Nein
71%
Großhadern Nein
71%
Großhadern Nein
71%
Großhadern Nein
71%
Großhadern Nein
71%
Großhadern Nein
71%
Großhadern Nein
71%
Westendstraße Nein
71%
Westendstraße Nein
71%
Westendstraße Nein
71%
Westendstraße Nein
71%
Ostbahnhof Ja
68%
Implerstraße Nein
68%
Olympiazentrum Nein
68%
Max-Weber-Platz Nein
68%
Großhadern Nein
68%
Großhadern Ja
68%
Westendstraße Nein
68%
Westendstraße Nein
68%
Fürstenried West Nein
68%
Fürstenried West Nein
68%
Fürstenried West Ja
68%
Fürstenried West Nein
68%
Fürstenried West Nein
68%
Fürstenried West Nein
68%
Fürstenried West Nein
68%
Silberhornstraße Nein
68%
Silberhornstraße Nein
68%
Forstenrieder Allee Nein
68%
Forstenrieder Allee Nein
68%
Forstenrieder Allee Nein
68%
Forstenrieder Allee Nein
68%
Forstenrieder Allee Nein
68%
Garching-Hochbrück Nein
68%
Garching-Hochbrück Nein
68%
Garching-Hochbrück Nein
68%
Garching-Hochbrück Nein
68%
Garching-Hochbrück Nein
68%
Garching-Hochbrück Ja
68%
Garching-Hochbrück Nein
68%
Garching-Hochbrück Nein
68%
Neuperlach Zentrum Nein
68%
Neuperlach Zentrum Nein
68%
Neuperlach Zentrum Nein
68%
Heimeranplatz Nein
68%
Heimeranplatz Nein
68%
Heimeranplatz Nein
68%
Heimeranplatz Nein
68%
Freimann Nein
68%
Freimann Nein
68%
Freimann Nein
68%
Freimann Nein
68%
Ostbahnhof Nein
66%
Nordfriedhof Nein
66%
Nordfriedhof Nein
66%
St.-Quirin-Platz Nein
66%
St.-Quirin-Platz Nein
66%
Fürstenried West Nein
66%
Silberhornstraße Nein
66%
Silberhornstraße Nein
66%
Forstenrieder Allee Nein
66%
Neuperlach Zentrum Nein
66%
Neuperlach Zentrum Nein
66%
Freimann Nein
66%
Freimann Nein
66%
Universität Nein
66%
Universität Nein
66%
Universität Nein
66%
Universität Nein
66%
Universität Nein
66%
Karlsplatz (Stachus) Nein
66%
Karlsplatz (Stachus) Nein
66%
Scheidplatz Ja
63%
Ostbahnhof Nein
63%
Implerstraße Ja
63%
Olympiazentrum Ja
63%
Max-Weber-Platz Ja
63%
Nordfriedhof Nein
63%
Nordfriedhof Nein
63%
Nordfriedhof Nein
63%
Basler Straße Nein
63%
St.-Quirin-Platz Nein
63%
St.-Quirin-Platz Nein
63%
St.-Quirin-Platz Nein
63%
Aidenbachstraße Nein
63%
Aidenbachstraße Nein
63%
Aidenbachstraße Nein
63%
Aidenbachstraße Nein
63%
Aidenbachstraße Nein
63%
Partnachplatz Nein
63%
Partnachplatz Nein
63%
Partnachplatz Nein
63%
Partnachplatz Nein
63%
Richard-Strauss-Straße Nein
63%
Richard-Strauss-Straße Nein
63%
Neuperlach Zentrum Ja
63%
Heimeranplatz Nein
63%
Heimeranplatz Nein
63%
Stiglmaierplatz Nein
63%
Stiglmaierplatz Nein
63%
Stiglmaierplatz Nein
63%
Frankfurter Ring Nein
63%
Freimann Nein
63%
Universität Ja
63%
Universität Nein
63%
Max-Weber-Platz Ja
61%
Nordfriedhof Nein
61%
Nordfriedhof Nein
61%
Basler Straße Nein
61%
Basler Straße Nein
61%
Basler Straße Nein
61%
Basler Straße Nein
61%
Basler Straße Nein
61%
St.-Quirin-Platz Nein
61%
Aidenbachstraße Nein
61%
Aidenbachstraße Nein
61%
Partnachplatz Nein
61%
Partnachplatz Nein
61%
Forstenrieder Allee Ja
61%
Forstenrieder Allee Nein
61%
Richard-Strauss-Straße Nein
61%
Richard-Strauss-Straße Nein
61%
Richard-Strauss-Straße Nein
61%
Richard-Strauss-Straße Nein
61%
Stiglmaierplatz Nein
61%
Sendlinger Tor Ja
61%
Sendlinger Tor Ja
61%
Frankfurter Ring Nein
61%
Frankfurter Ring Nein
61%
Frankfurter Ring Nein
61%
Frankfurter Ring Nein
61%
Frankfurter Ring Nein
61%
Frankfurter Ring Nein
61%
Universität Ja
61%
Karlsplatz (Stachus) Nein
61%
Untersbergstraße Nein
61%
Neuperlach Süd Nein
61%
Neuperlach Süd Nein
61%
Neuperlach Süd Nein
61%
Scheidplatz Ja
58%
Dülferstraße Ja
58%
Implerstraße Ja
58%
Olympiazentrum Nein
58%
Basler Straße Nein
58%
Partnachplatz Nein
58%
Westendstraße Ja
58%
Silberhornstraße Ja
58%
Richard-Strauss-Straße Nein
58%
Stiglmaierplatz Nein
58%
Sendlinger Tor Nein
58%
Sendlinger Tor Ja
58%
Frankfurter Ring Ja
58%
Freimann Ja
58%
Karlsplatz (Stachus) Nein
58%
Karlsplatz (Stachus) Ja
58%
Karlsplatz (Stachus) Nein
58%
Karlsplatz (Stachus) Nein
58%
Untersbergstraße Nein
58%
Untersbergstraße Nein
58%
Untersbergstraße Nein
58%
Neuperlach Süd Nein
58%
Neuperlach Süd Nein
58%
Neuperlach Süd Ja
58%
Neuperlach Süd Nein
58%
Schwanthalerhöhe Nein
58%
Schwanthalerhöhe Nein
58%
Schwanthalerhöhe Nein
58%
Schwanthalerhöhe Nein
58%
Obersendling Nein
58%
Obersendling Nein
58%
Obersendling Nein
58%
Nordfriedhof Ja
55%
St.-Quirin-Platz Nein
55%
Westendstraße Ja
55%
Silberhornstraße Nein
55%
Stiglmaierplatz Ja
55%
Karlsplatz (Stachus) Ja
55%
Schwanthalerhöhe Nein
55%
Schwanthalerhöhe Nein
55%
Obersendling Nein
55%
Obersendling Nein
55%
Obersendling Nein
55%
Heimeranplatz Ja
53%
Heimeranplatz Ja
53%
Stiglmaierplatz Nein
53%
Sendlinger Tor Ja
53%
Sendlinger Tor Nein
53%
Machtlfinger Straße Nein
53%
Machtlfinger Straße Nein
53%
Neuperlach Süd Nein
53%
Schwanthalerhöhe Ja
53%
Therese-Giehse-Allee Nein
53%
Thalkirchen Nein
53%
Thalkirchen Nein
53%
Thalkirchen Nein
53%
Thalkirchen Nein
53%
Thalkirchen Nein
53%
Rotkreuzplatz Nein
53%
Rotkreuzplatz Nein
53%
Rotkreuzplatz Nein
53%
Rotkreuzplatz Nein
53%
Messestadt West Nein
53%
Messestadt West Nein
53%
Messestadt West Nein
53%
Messestadt West Nein
53%
Messestadt West Nein
53%
St.-Quirin-Platz Ja
50%
Aidenbachstraße Ja
50%
Richard-Strauss-Straße Ja
50%
Machtlfinger Straße Nein
50%
Machtlfinger Straße Nein
50%
Machtlfinger Straße Nein
50%
Machtlfinger Straße Nein
50%
Therese-Giehse-Allee Nein
50%
Obersendling Nein
50%
Thalkirchen Nein
50%
Rotkreuzplatz Nein
50%
Milbertshofen Nein
50%
Milbertshofen Nein
50%
Milbertshofen Nein
50%
Milbertshofen Nein
50%
Milbertshofen Nein
50%
Messestadt West Ja
50%
Messestadt West Nein
50%
Messestadt West Nein
50%
Alte Heide Nein
50%
Alte Heide Nein
50%
Alte Heide Nein
50%
Feldmoching Nein
50%
Feldmoching Nein
50%
Feldmoching Nein
50%
Feldmoching Nein
50%
Feldmoching Nein
50%
Messestadt Ost Nein
50%
Messestadt Ost Nein
50%
Messestadt Ost Nein
50%
Messestadt Ost Nein
50%
Messestadt Ost Nein
50%
Königsplatz Nein
50%
Königsplatz Nein
50%
Brudermühlstraße Nein
50%
Brudermühlstraße Nein
50%
Brudermühlstraße Nein
50%
Brudermühlstraße Nein
50%
Gern Nein
50%
Gern Nein
50%
Gern Nein
50%
Gern Nein
50%
Gern Nein
50%
Josephsburg Nein
50%
Josephsburg Nein
50%
Bonner Platz Nein
50%
Bonner Platz Nein
50%
Bonner Platz Nein
50%
Bonner Platz Nein
50%
Poccistraße Nein
50%
Poccistraße Nein
50%
Poccistraße Ja
50%
Poccistraße Nein
50%
Poccistraße Nein
50%
Poccistraße Nein
50%
Poccistraße Nein
50%
Klinikum Großhadern Nein
50%
Klinikum Großhadern Nein
50%
Klinikum Großhadern Nein
50%
Klinikum Großhadern Nein
50%
Klinikum Großhadern Nein
50%
Klinikum Großhadern Ja
50%
Klinikum Großhadern Nein
50%
Klinikum Großhadern Nein
50%
Michaelibad Nein
50%
Michaelibad Nein
50%
Georg-Brauchle-Ring Nein
50%
Georg-Brauchle-Ring Nein
50%
Georg-Brauchle-Ring Nein
50%
Hauptbahnhof Ja
50%
Hauptbahnhof Ja
50%
Hauptbahnhof Nein
50%
Hauptbahnhof Ja
50%
Hauptbahnhof Nein
50%
Kieferngarten Nein
50%
Kieferngarten Nein
50%
Kieferngarten Nein
50%
Kieferngarten Nein
50%
Kieferngarten Nein
50%
Oberwiesenfeld Nein
50%
Oberwiesenfeld Nein
50%
Oberwiesenfeld Nein
50%
Oberwiesenfeld Nein
50%
Moosacher St.-Martins-Platz Nein
50%
Moosacher St.-Martins-Platz Nein
50%
Moosacher St.-Martins-Platz Ja
50%
Moosacher St.-Martins-Platz Nein
50%
Moosacher St.-Martins-Platz Nein
50%
Moosacher St.-Martins-Platz Nein
50%
Moosacher St.-Martins-Platz Nein
50%
Am Hart Nein
50%
Am Hart Ja
50%
Am Hart Nein
50%
Am Hart Nein
50%
Am Hart Nein
50%
Am Hart Nein
50%
Am Hart Nein
50%
Basler Straße Ja
47%
Partnachplatz Ja
47%
Therese-Giehse-Allee Nein
47%
Therese-Giehse-Allee Nein
47%
Therese-Giehse-Allee Nein
47%
Therese-Giehse-Allee Nein
47%
Therese-Giehse-Allee Nein
47%
Obersendling Ja
47%
Thalkirchen Ja
47%
Rotkreuzplatz Ja
47%
Milbertshofen Nein
47%
Milbertshofen Nein
47%
Alte Heide Nein
47%
Alte Heide Nein
47%
Alte Heide Nein
47%
Feldmoching Ja
47%
Feldmoching Nein
47%
Feldmoching Nein
47%
Messestadt Ost Ja
47%
Messestadt Ost Nein
47%
Messestadt Ost Nein
47%
Königsplatz Nein
47%
Brudermühlstraße Nein
47%
Brudermühlstraße Nein
47%
Trudering Nein
47%
Trudering Nein
47%
Trudering Nein
47%
Trudering Nein
47%
Candidplatz Nein
47%
Candidplatz Nein
47%
Candidplatz Nein
47%
Candidplatz Nein
47%
Gern Ja
47%
Gern Nein
47%
Josephsburg Nein
47%
Josephsburg Nein
47%
Josephsburg Nein
47%
Josephsburg Nein
47%
Bonner Platz Ja
47%
Bonner Platz Nein
47%
Poccistraße Ja
47%
Harthof Nein
47%
Harthof Nein
47%
Harthof Nein
47%
Harthof Nein
47%
Theresienstraße Nein
47%
Michaelibad Nein
47%
Michaelibad Nein
47%
Kolumbusplatz Nein
47%
Laimer Platz Nein
47%
Laimer Platz Nein
47%
Laimer Platz Nein
47%
Laimer Platz Nein
47%
Laimer Platz Nein
47%
Laimer Platz Nein
47%
Georg-Brauchle-Ring Nein
47%
Hauptbahnhof Ja
47%
Kieferngarten Nein
47%
Kieferngarten Nein
47%
Holzapfelkreuth Nein
47%
Holzapfelkreuth Nein
47%
Holzapfelkreuth Nein
47%
Holzapfelkreuth Nein
47%
Holzapfelkreuth Nein
47%
Holzapfelkreuth Nein
47%
Innsbrucker Ring Nein
47%
Innsbrucker Ring Nein
47%
Innsbrucker Ring Nein
47%
Oberwiesenfeld Nein
47%
Oberwiesenfeld Ja
47%
Oberwiesenfeld Nein
47%
Dietlindenstraße Nein
47%
Dietlindenstraße Nein
47%
Dietlindenstraße Nein
47%
Dietlindenstraße Nein
47%
Moosacher St.-Martins-Platz Nein
47%
Am Hart Nein
47%
Wettersteinplatz Nein
47%
Wettersteinplatz Nein
47%
Wettersteinplatz Nein
47%
Garching Nein
47%
Garching Nein
47%
Garching Nein
47%
Garching Nein
47%
Garching Nein
47%
Garching Ja
47%
Garching Nein
47%
Garching Nein
47%
Studentenstadt Nein
47%
Studentenstadt Nein
47%
Studentenstadt Nein
47%
Studentenstadt Nein
47%
Theresienwiese Nein
47%
Theresienwiese Nein
47%
Theresienwiese Nein
47%
Theresienwiese Ja
47%
Theresienwiese Nein
47%
Theresienwiese Nein
47%
Theresienwiese Nein
47%
Moosach Nein
47%
Moosach Nein
47%
Moosach Ja
47%
Moosach Nein
47%
Moosach Nein
47%
Moosach Nein
47%
Moosach Nein
47%
Moosach Nein
47%
Untersbergstraße Nein
45%
Machtlfinger Straße Nein
45%
Schwanthalerhöhe Ja
45%
Thalkirchen Nein
45%
Milbertshofen Ja
45%
Alte Heide Nein
45%
Königsplatz Nein
45%
Königsplatz Nein
45%
Brudermühlstraße Ja
45%
Brudermühlstraße Nein
45%
Trudering Nein
45%
Candidplatz Ja
45%
Josephsburg Nein
45%
Bonner Platz Nein
45%
Bonner Platz Nein
45%
Harthof Nein
45%
Harthof Nein
45%
Harthof Nein
45%
Theresienstraße Nein
45%
Theresienstraße Nein
45%
Theresienstraße Nein
45%
Michaelibad Nein
45%
Kolumbusplatz Nein
45%
Kolumbusplatz Nein
45%
Kolumbusplatz Nein
45%
Laimer Platz Nein
45%
Laimer Platz Ja
45%
Kieferngarten Ja
45%
Oberwiesenfeld Nein
45%
Dietlindenstraße Nein
45%
Wettersteinplatz Nein
45%
Wettersteinplatz Nein
45%
Wettersteinplatz Nein
45%
Wettersteinplatz Nein
45%
Studentenstadt Nein
45%
Studentenstadt Nein
45%
Studentenstadt Nein
45%
Karl-Preis-Platz Nein
45%
Karl-Preis-Platz Nein
45%
Karl-Preis-Platz Nein
45%
Maillingerstraße Nein
45%
Maillingerstraße Nein
45%
Josephsplatz Nein
45%
Josephsplatz Nein
45%
Josephsplatz Nein
45%
Westpark Nein
45%
Westpark Nein
45%
Westpark Nein
45%
Arabellapark Nein
45%
Arabellapark Nein
45%
Arabellapark Nein
45%
Arabellapark Ja
45%
Arabellapark Nein
45%
Arabellapark Nein
45%
Arabellapark Nein
45%
Arabellapark Nein
45%
Prinzregentenplatz Nein
45%
Prinzregentenplatz Nein
45%
Prinzregentenplatz Nein
45%
Fraunhoferstraße Nein
45%
Fraunhoferstraße Nein
45%
Marienplatz Nein
45%
Marienplatz Nein
45%
Marienplatz Nein
45%
Hasenbergl Nein
45%
Hasenbergl Nein
45%
Hasenbergl Nein
45%
Hasenbergl Nein
45%
Hasenbergl Nein
45%
Hasenbergl Nein
45%
Giselastraße Nein
45%
Giselastraße Nein
45%
Giselastraße Nein
45%
Olympia-Einkaufszentrum Nein
45%
Olympia-Einkaufszentrum Ja
45%
Olympia-Einkaufszentrum Nein
45%
Olympia-Einkaufszentrum Nein
45%
Olympia-Einkaufszentrum Nein
45%
Garching-Forschungszentrum Nein
45%
Garching-Forschungszentrum Nein
45%
Garching-Forschungszentrum Nein
45%
Garching-Forschungszentrum Nein
45%
Garching-Forschungszentrum Nein
45%
Garching-Forschungszentrum Ja
45%
Garching-Forschungszentrum Nein
45%
Garching-Forschungszentrum Nein
45%
Mangfallplatz Ja
45%
Mangfallplatz Nein
45%
Mangfallplatz Nein
45%
Mangfallplatz Nein
45%
Mangfallplatz Nein
45%
Mangfallplatz Nein
45%
Mangfallplatz Nein
45%
Mangfallplatz Nein
45%
Haderner Stern Nein
45%
Haderner Stern Nein
45%
Haderner Stern Nein
45%
Haderner Stern Nein
45%
Haderner Stern Nein
45%
Odeonsplatz Nein
45%
Odeonsplatz Nein
45%
Odeonsplatz Nein
45%
Sendlinger Tor Ja
42%
Rotkreuzplatz Nein
42%
Böhmerwaldplatz Nein
42%
Böhmerwaldplatz Nein
42%
Böhmerwaldplatz Nein
42%
Böhmerwaldplatz Nein
42%
Alte Heide Ja
42%
Königsplatz Ja
42%
Königsplatz Nein
42%
Trudering Ja
42%
Trudering Nein
42%
Trudering Nein
42%
Candidplatz Nein
42%
Josephsburg Ja
42%
Harthof Ja
42%
Theresienstraße Nein
42%
Michaelibad Ja
42%
Georg-Brauchle-Ring Nein
42%
Hauptbahnhof Ja
42%
Dietlindenstraße Nein
42%
Dietlindenstraße Nein
42%
Studentenstadt Ja
42%
Theresienwiese Ja
42%
Karl-Preis-Platz Nein
42%
Maillingerstraße Nein
42%
Maillingerstraße Nein
42%
Josephsplatz Nein
42%
Westpark Nein
42%
Friedenheimer Straße Nein
42%
Friedenheimer Straße Nein
42%
Harras Nein
42%
Harras Nein
42%
Harras Nein
42%
Harras Nein
42%
Harras Ja
42%
Harras Nein
42%
Harras Nein
42%
Prinzregentenplatz Nein
42%
Prinzregentenplatz Nein
42%
Prinzregentenplatz Nein
42%
Fraunhoferstraße Nein
42%
Fraunhoferstraße Nein
42%
Petuelring Nein
42%
Petuelring Nein
42%
Petuelring Nein
42%
Marienplatz Nein
42%
Marienplatz Nein
42%
Marienplatz Ja
42%
Marienplatz Nein
42%
Hasenbergl Ja
42%
Hasenbergl Nein
42%
Goetheplatz Nein
42%
Goetheplatz Nein
42%
Hohenzollernplatz Nein
42%
Hohenzollernplatz Nein
42%
Hohenzollernplatz Nein
42%
Hohenzollernplatz Nein
42%
Moosfeld Nein
42%
Moosfeld Nein
42%
Moosfeld Nein
42%
Moosfeld Nein
42%
Giselastraße Nein
42%
Giselastraße Nein
42%
Giselastraße Nein
42%
Quiddestraße Nein
42%
Quiddestraße Nein
42%
Kreillerstraße Nein
42%
Kreillerstraße Nein
42%
Kreillerstraße Nein
42%
Kreillerstraße Nein
42%
Haderner Stern Nein
42%
Haderner Stern Nein
42%
Odeonsplatz Ja
42%
Odeonsplatz Ja
42%
Odeonsplatz Nein
42%
Sendlinger Tor Ja
39%
Untersbergstraße Ja
39%
Böhmerwaldplatz Nein
39%
Böhmerwaldplatz Nein
39%
Candidplatz Nein
39%
Candidplatz Nein
39%
Theresienstraße Nein
39%
Kolumbusplatz Ja
39%
Kolumbusplatz Ja
39%
Georg-Brauchle-Ring Nein
39%
Innsbrucker Ring Nein
39%
Wettersteinplatz Ja
39%
Karl-Preis-Platz Nein
39%
Maillingerstraße Ja
39%
Maillingerstraße Nein
39%
Maillingerstraße Nein
39%
Josephsplatz Nein
39%
Josephsplatz Ja
39%
Josephsplatz Nein
39%
Westpark Nein
39%
Westpark Nein
39%
Friedenheimer Straße Nein
39%
Friedenheimer Straße Nein
39%
Friedenheimer Straße Nein
39%
Friedenheimer Straße Nein
39%
Harras Nein
39%
Prinzregentenplatz Nein
39%
Fraunhoferstraße Ja
39%
Petuelring Ja
39%
Petuelring Nein
39%
Petuelring Nein
39%
Marienplatz Ja
39%
Goetheplatz Nein
39%
Goetheplatz Nein
39%
Goetheplatz Nein
39%
Hohenzollernplatz Nein
39%
Hohenzollernplatz Nein
39%
Giesing Nein
39%
Moosfeld Nein
39%
Moosfeld Nein
39%
Giselastraße Ja
39%
Quiddestraße Nein
39%
Kreillerstraße Nein
39%
Kreillerstraße Nein
39%
Haderner Stern Ja
39%
Odeonsplatz Ja
39%
Machtlfinger Straße Ja
37%
Therese-Giehse-Allee Ja
37%
Böhmerwaldplatz Nein
37%
Theresienstraße Ja
37%
Georg-Brauchle-Ring Ja
37%
Hauptbahnhof Ja
37%
Innsbrucker Ring Ja
37%
Dietlindenstraße Ja
37%
Karl-Preis-Platz Ja
37%
Westpark Nein
37%
Prinzregentenplatz Ja
37%
Goetheplatz Nein
37%
Hohenzollernplatz Ja
37%
Giesing Nein
37%
Giesing Nein
37%
Giselastraße Ja
37%
Quiddestraße Nein
37%
Quiddestraße Nein
37%
Olympia-Einkaufszentrum Ja
37%
Olympia-Einkaufszentrum Nein
37%
Kreillerstraße Nein
37%
Odeonsplatz Ja
37%
Westfriedhof Ja
34%
Innsbrucker Ring Ja
34%
Friedenheimer Straße Nein
34%
Fraunhoferstraße Ja
34%
Petuelring Nein
34%
Goetheplatz Ja
34%
Goetheplatz Ja
34%
Giesing Nein
34%
Moosfeld Nein
34%
Kreillerstraße Ja
34%
Böhmerwaldplatz Ja
32%
Holzapfelkreuth Nein
32%
Holzapfelkreuth Ja
32%
Giesing Nein
32%
Moosfeld Ja
32%
Rotkreuzplatz Ja
29%
Gern Ja
29%
Quiddestraße Ja
29%
Neuperlach Zentrum Ja
26%
Stiglmaierplatz Ja
26%
Kolumbusplatz Ja
26%
Westpark Ja
26%
Friedenheimer Straße Ja
26%
Giesing Ja
26%
Königsplatz Ja
24%
Kolumbusplatz Ja
24%
Innsbrucker Ring Ja
24%
Scheidplatz Ja
21%
Georg-Brauchle-Ring Ja
21%
Maillingerstraße Ja
21%
Olympia-Einkaufszentrum Ja
21%
Olympiazentrum Ja
18%
Silberhornstraße Ja
18%
Silberhornstraße Ja
18%
Neuperlach Zentrum Ja
18%
Theresienstraße Ja
18%
Michaelibad Ja
18%
Innsbrucker Ring Ja
18%
Josephsplatz Ja
18%
Fraunhoferstraße Ja
18%
Untersbergstraße Ja
16%
Untersbergstraße Ja
16%
Michaelibad Ja
16%
Fraunhoferstraße Ja
16%
Petuelring Ja
16%
Giesing Ja
16%
Hohenzollernplatz Ja
13%
Giesing Ja
13%
Karl-Preis-Platz Ja
11%
Karl-Preis-Platz Ja
11%
Quiddestraße Ja
11%
Quiddestraße Ja
11%
Keine übereinstimmenden Quizze gefunden
Verteilung der Resultate
Anzahl Personen mit jedem Resultat
Perzentil nach korrekt beantworteten Fragen
Ihre Resultats-Entwicklung
Sie haben dieses Quiz noch nicht gespielt